000 00791nam a2200289Ia 4500
005 20260324124045.0
008 008 260324s9999 xx 000 0 eng d
020 _a9781003513315
037 _aEBOOK
040 _aCRL
040 _beng
040 _cCRL
041 _2eng
041 _aeng
084 _qCRL
100 _aTetsuo Kishi; Gail Marshall; Janice Norwood; Christy Desmet
_91172655
245 0 _aLives of Shakespearian Actors, Part IV, Volume 1
245 0 _bHelen Faucit, Lucia Elizabeth Vestris and Fanny Kemble by Their Contemporaries
260 _bTaylor and Francis
260 _c2011
365 _a
365 _b255
856 _uhttp://www.taylorfrancis.com/books/9781003513315
942 _cEBOOK
999 _c1766743
_d1766743